000 00379cam a2200157ua 4500
041 _aeng
_h
082 _a828.09
_bBRA/SH
100 _aBradley, A C.
245 _aShakespearean tragedy /
_cA C Bradley.
_hTextual Documents
260 _aLondon :
_bMcMillon & Co Ltd ,
_c1958.
300 _a432 ; .
504 _a
942 _cBK
999 _c3750
_d3750